000 00472nmm a2200157Ia 4500
008 251105s9999||||xx |||||||||||||||||und||
020 _a9580610169
041 _aspa
100 _aManrique Medina, Rodrigo
245 0 _aLa economía de guerra en Colombia
264 _a[Bogotá, Colombia] :
_bOveja Negra,
_c2000
300 _a147 páginas
650 _aHistory of the Americas: Latin America
856 _uhttps://public.digitaliapublishing.com/a/30120
942 _cCF
999 _c74396
_d74396